000 00705cam a22002411 4500
001 sa 65010200
003 DLC
005 20260227112207.0
008 890803s1965 io 000 0 ind
010 _asa 65010200
035 _a(OCoLC)23570763
040 _aDLC
_cMiU
_dDLC
042 _apremarc
050 0 0 _aJX1977.2.I5
_bA53
110 1 _aIndonesia.
_bDewan Pertimbangan Agung.
245 1 0 _aDeklarasi "Indonesia keluar dari P. B. B."
260 _a[Djakarta]
_bDepartemen Penerangan
_c[1965]
300 _a9 p.
_c21 cm.
500 _a"Penerbitan chusus, 359."
610 2 0 _aUnited Nations
_zIndonesia.
651 0 _aIndonesia
_xPolitics and government
_y1950-1966.
710 2 _aUnited Nations
999 _c66616
_d66616